[Event "Singapore Masters 3rd"]
[Site "Singapore"]
[Date "2006.12.29"]
[Round "8"]
[White "Batochir, Gunsen"]
[Black "Goh, Koon Jong Jason"]
[Result "0-1"]
[WhiteElo "2231"]
[BlackElo "2394"]
[PlyCount "142"]
[EventDate "2006.12.26"]
[EventType "swiss"]
[EventRounds "9"]
[EventCountry "SIN"]
[SourceTitle "CBM 116 Extra"]
[Source "ChessBase"]
[SourceDate "2007.03.07"]
[SourceVersion "1"]
[SourceVersionDate "2007.03.07"]
[SourceQuality "1"]

1. e4 c5 2. Nf3 d6 3. d4 cxd4 4. Nxd4 Nf6 5. Nc3 a6 6. Be2 e6 7. 0-0 Qc7 8. f4 Be7 9. a4 Nc6 10. Be3 0-0 11. Kh1 Re8 12. Bf3 Na5 13. g4 Nc4 14. Bc1 Bf8 15. g5 Nd7 16. Bg2 g6 17. Rf3 Bg7 18. b3 Na5 19. Ba3 Bf8 20. Nde2 b6 21. Rd3 Nc5 22. Rd2 Nc6 23. Qe1 Bb7 24. Rad1 Rad8 25. Qh4 Nb8 26. Bb2 Bc6 27. Nd4 Ba8 28. b4 Ncd7 29. Rd3 Bg7 30. f5 exf5 31. exf5 Bxg2+ 32. Kxg2 Qc4 33. f6 Bh8 34. Ne4 Nf8 35. Re1 Qxb4 36. Bc3 Qxa4 37. Nf2 h5 38. Re7 Rc8 39. Nf5 Qc6+ 40. Kg1 gxf5 41. Qxh5 Ng6 42. Rh3 Qg2+ 43. Kxg2 Nf4+ 44. Kf1 Nxh5 45. Rxe8+ Rxe8 46. Rxh5 Rc8 47. Bd4 Nc6 48. Bb2 Nb4 49. Nd3 Nd5 50. Rh4 Rxc2 51. Rd4 Ne3+ 52. Kg1 Rg2+ 53. Kh1 Rd2 54. h4 Nd1 55. Nf4 Nf2+ 56. Kg1 Rxb2 57. Rxd6 Bxf6 58. gxf6 Ng4 59. Rd8+ Kh7 60. Rf8 Nh6 61. Ra8 a5 62. h5 Rb4 63. Nd5 Rb5 64. Nf4 Rc5 65. Ng6 fxg6 66. Ra7+ Nf7 67. Rxf7+ Kh6 68. Rg7 gxh5 69. Rg8 Rc7 70. Rb8 Kg6 71. Rxb6 Ra7 0-1

[Event "Singapore Masters 3rd"]
[Site "Singapore"]
[Date "2006.12.28"]
[Round "6"]
[White "Ye, Naung Win Myint"]
[Black "Batochir, Gunsen"]
[Result "1/2-1/2"]
[WhiteElo "2524"]
[BlackElo "2231"]
[PlyCount "73"]
[EventDate "2006.12.26"]
[EventType "swiss"]
[EventRounds "9"]
[EventCountry "SIN"]
[SourceTitle "CBM 116 Extra"]
[Source "ChessBase"]
[SourceDate "2007.03.07"]
[SourceVersion "1"]
[SourceVersionDate "2007.03.07"]
[SourceQuality "1"]

1. d4 f5 2. c4 Nf6 3. Nf3 g6 4. g3 Bg7 5. Bg2 0-0 6. 0-0 d6 7. Nc3 Qe8 8. d5 a5 9. Nd4 Na6 10. Bg5 Nc5 11. Bxf6 Bxf6 12. e3 Bd7 13. Qd2 c6 14. Rad1 Rc8 15. Rfe1 Qf7 16. e4 fxe4 17. Nxe4 Nxe4 18. Bxe4 Bg4 19. f3 Bxd4+ 20. Qxd4 e5 21. Qd2 cxd5 22. Bxd5 Be6 23. b3 Bxd5 24. Qxd5 Qxd5 25. Rxd5 Rxf3 26. Kg2 Rc3 27. Rxd6 Rc2+ 28. Kh3 Re8 29. Rd5 e4 30. Rxa5 e3 31. Rd5 Rxa2 32. Rd3 e2 33. Kg2 Ra6 34. Rf3 Rae6 35. Kf2 Re4 36. Rd3 Rf8+ 37. Kg2 1/2-1/2

[Event "US Open-107"]
[Site "Chicago"]
[Date "2006.08.11"]
[Round "7"]
[White "Batochir, Gunsen"]
[Black "Paschall, William M"]
[Result "1/2-1/2"]
[WhiteElo "2204"]
[BlackElo "2357"]
[PlyCount "91"]
[EventDate "2006.08.05"]
[EventType "swiss"]
[EventRounds "9"]
[EventCountry "USA"]
[SourceTitle "CBM 113 Extra"]
[Source "ChessBase"]
[SourceDate "2006.09.14"]
[SourceVersion "1"]
[SourceVersionDate "2006.09.14"]
[SourceQuality "1"]

1. e4 d5 2. exd5 Nf6 3. Nf3 Nxd5 4. d4 g6 5. c4 Nb6 6. Nc3 Bg7 7. c5 Nd5 8. Bc4 c6 9. 0-0 0-0 10. Re1 b6 11. Bg5 Re8 12. Qb3 Be6 13. cxb6 axb6 14. Nxd5 Bxd5 15. Bxd5 cxd5 16. Rac1 Ra7 17. Rc2 Qd6 18. Bh4 e6 19. Rec1 Bh6 20. Bg3 Bf4 21. Bxf4 Qxf4 22. Qxb6 Rxa2 23. Ne5 Na6 24. Qb3 Ra5 25. Nc6 Qc7 26. Nxa5 Qxa5 27. h3 Kg7 28. Qa3 Qb5 29. Rc8 Rxc8 30. Rxc8 Nb4 31. Rc5 Qb8 32. Qb3 h5 33. g3 Qb6 34. Qe3 Nc6 35. g4 hxg4 36. hxg4 e5 37. dxe5 d4 38. Qc1 Nd8 39. Rc8 Ne6 40. Qc2 Qa5 41. Qe4 Ng5 42. Qa8 Qxe5 43. Rh8 Qf4 44. Qf8+ Kf6 45. Qd8+ Kg7 46. Qf8+ 1/2-1/2

[Event "Moscow Aeroflot op-C"]
[Site "Moscow"]
[Date "2006.02.14"]
[Round "8"]
[White "Yuferev, Oleg"]
[Black "Batochir, Gunsen"]
[Result "1-0"]
[WhiteElo "2274"]
[BlackElo "2213"]
[PlyCount "101"]
[EventDate "2006.02.07"]
[EventType "swiss"]
[EventRounds "9"]
[EventCountry "RUS"]
[SourceTitle "EXT 2007"]
[Source "ChessBase"]
[SourceDate "2006.11.23"]
[SourceVersion "1"]
[SourceVersionDate "2006.11.23"]
[SourceQuality "1"]

1. Nf3 f5 2. g3 Nf6 3. Bg2 g6 4. d4 Bg7 5. b3 0-0 6. Bb2 d6 7. 0-0 c6 8. Nbd2 h6 9. Re1 Na6 10. e4 fxe4 11. Nxe4 Nxe4 12. Rxe4 Bf5 13. Re2 Bg4 14. Re3 Qd7 15. Qd2 Rf7 16. Rf1 g5 17. c4 Bh3 18. d5 Bxg2 19. Kxg2 Bxb2 20. Qxb2 Nc7 21. Qd4 Qf5 22. Rd3 Raf8 23. h3 cxd5 24. cxd5 Nxd5 25. Nxg5 Qxg5 26. Qxd5 Qxd5+ 27. Rxd5 Rc8 28. Rd2 Rc3 29. Re1 e5 30. Re3 Rxe3 31. fxe3 Rd7 32. e4 Kf7 33. Kf3 Ke6 34. Rc2 Rf7+ 35. Ke3 Rg7 36. g4 h5 37. Rg2 Rc7 38. Kd3 Rf7 39. Ke2 Rf4 40. Ke3 hxg4 41. Rxg4 Rxg4 42. hxg4 Kf6 43. Kf3 Kg5 44. Kg3 b6 45. b4 b5 46. a3 a6 47. Kh3 Kf4 48. Kh4 Kxe4 49. g5 d5 50. g6 d4 51. g7 1-0

[Event "Moscow Aeroflot op-C"]
[Site "Moscow"]
[Date "2006.02.13"]
[Round "7"]
[White "Batochir, Gunsen"]
[Black "Bogachkov, Igor"]
[Result "1-0"]
[WhiteElo "2213"]
[BlackElo "2328"]
[PlyCount "109"]
[EventDate "2006.02.07"]
[EventType "swiss"]
[EventRounds "9"]
[EventCountry "RUS"]
[SourceTitle "EXT 2007"]
[Source "ChessBase"]
[SourceDate "2006.11.23"]
[SourceVersion "1"]
[SourceVersionDate "2006.11.23"]
[SourceQuality "1"]

1. e4 c5 2. Nf3 Nc6 3. d4 cxd4 4. Nxd4 e5 5. Nxc6 bxc6 6. Nc3 Nf6 7. Bc4 Bb4 8. Qe2 0-0 9. 0-0 d5 10. exd5 Bxc3 11. bxc3 cxd5 12. Rd1 Qa5 13. Bb3 e4 14. h3 Ba6 15. Qe1 h6 16. Be3 Rfc8 17. Bd4 Nh7 18. f3 exf3 19. Qg3 Ng5 20. Re1 Qc7 21. Re8+ Rxe8 22. Qxc7 Re2 23. Bxd5 Rc8 24. Qd7 Rxg2+ 25. Kh1 Rg3 26. Bxf7+ Nxf7 27. Rg1 Rd8 28. Qxd8+ Nxd8 29. Rxg3 Ne6 30. Kg1 Bb7 31. Bxa7 Kf7 32. Bd4 g5 33. Be3 Kg6 34. Kf2 Kf5 35. a4 h5 36. Rxf3+ Bxf3 37. Kxf3 g4+ 38. hxg4+ hxg4+ 39. Kg3 Nc7 40. c4 Na6 41. a5 Nb4 42. Bc5 Na6 43. Bb6 Nb4 44. c5 Na6 45. c6 Ke6 46. c7 Kd7 47. c3 Kc8 48. Kxg4 Kb7 49. Kf5 Kc8 50. Ke6 Kb7 51. Kd7 Nb8+ 52. cxb8Q+ Kxb8 53. c4 Kb7 54. c5 Ka6 55. c6 1-0

[Event "Moscow Aeroflot op-C"]
[Site "Moscow"]
[Date "2006.02.09"]
[Round "3"]
[White "Batochir, Gunsen"]
[Black "Bakin, Alexander1111"]
[Result "1/2-1/2"]
[WhiteElo "2213"]
[BlackElo "2256"]
[PlyCount "64"]
[EventDate "2006.02.07"]
[EventType "swiss"]
[EventRounds "9"]
[EventCountry "RUS"]
[SourceTitle "EXT 2007"]
[Source "ChessBase"]
[SourceDate "2006.11.23"]
[SourceVersion "1"]
[SourceVersionDate "2006.11.23"]
[SourceQuality "1"]

1. e4 c6 2. d4 d5 3. exd5 cxd5 4. c4 Nf6 5. Nc3 Nc6 6. Nf3 Bg4 7. cxd5 Nxd5 8. Qb3 Bxf3 9. gxf3 e6 10. Qxb7 Nxd4 11. Bb5+ Nxb5 12. Qc6+ Ke7 13. Qxb5 Nxc3 14. bxc3 Qd5 15. Rb1 Rd8 16. Be3 f6 17. Qxd5 Rxd5 18. Rb7+ Rd7 19. Rxa7 Rxa7 20. Bxa7 Kd7 21. Kd2 Bd6 22. Rb1 Kc6 23. Rb6+ Kc7 24. Ra6 Bxh2 25. Be3 Kd7 26. Ra7+ Bc7 27. Bb6 Rc8 28. f4 Kc6 29. Bxc7 Rxc7 30. Rxc7+ Kxc7 31. a4 Kb6 32. c4 Kc5 1/2-1/2

[Event "Moscow Aeroflot op-C"]
[Site "Moscow"]
[Date "2006.02.07"]
[Round "1"]
[White "Batochir, Gunsen"]
[Black "Shevelev, Arkady"]
[Result "1/2-1/2"]
[WhiteElo "2213"]
[BlackElo "2328"]
[PlyCount "56"]
[EventDate "2006.02.07"]
[EventType "swiss"]
[EventRounds "9"]
[EventCountry "RUS"]
[SourceTitle "EXT 2007"]
[Source "ChessBase"]
[SourceDate "2006.11.23"]
[SourceVersion "1"]
[SourceVersionDate "2006.11.23"]
[SourceQuality "1"]

1. e4 c6 2. d4 d5 3. exd5 cxd5 4. c4 Nf6 5. Nc3 e6 6. Nf3 Be7 7. cxd5 exd5 8. Bb5+ Nc6 9. Ne5 Bd7 10. 0-0 Rc8 11. Qb3 a6 12. Nxd5 Nxd5 13. Qxd5 Nxe5 14. Qxe5 Bxb5 15. Qxg7 Rf8 16. Re1 Rc6 17. Bh6 Re6 18. Qxh7 Bd3 19. Qxd3 Rxh6 20. Rac1 Rfh8 21. h3 Kf8 22. Qe4 Bg5 23. Rc5 Re6 24. Re5 Rxe5 25. dxe5 Qd7 26. e6 fxe6 27. Qg4 Bf6 28. Rxe6 Qf7 1/2-1/2

[Event "Moscow Petrosian Memorial U18"]
[Site "Moscow"]
[Date "2005.01.??"]
[Round "1"]
[White "Batochir, Gunsen"]
[Black "Nguyen, Viet Tuong"]
[Result "1-0"]
[WhiteElo "2120"]
[BlackElo "2208"]
[PlyCount "71"]
[EventDate "2005.01.??"]
[EventType "swiss"]
[EventRounds "9"]
[EventCountry "RUS"]
[SourceTitle "EXT 2006"]
[Source "ChessBase"]
[SourceDate "2005.11.24"]
[SourceVersion "1"]
[SourceVersionDate "2005.11.24"]
[SourceQuality "1"]

1. e4 c5 2. Nf3 d6 3. d4 cxd4 4. Nxd4 Nf6 5. Nc3 a6 6. Be3 e6 7. a4 Be7 8. Be2 0-0 9. 0-0 Qc7 10. f4 Nc6 11. Kh1 Re8 12. Bf3 Rb8 13. g4 Nd7 14. g5 b6 15. Bg2 Bb7 16. Nb3 Na5 17. Nd2 Bf8 18. Qe2 g6 19. Bd4 e5 20. fxe5 Nxe5 21. Qf2 Ba8 22. Nd5 Bxd5 23. exd5 Bg7 24. Qf4 Nac4 25. Ne4 Qe7 26. b3 Na5 27. Rae1 Qf8 28. Re3 Nb7 29. Rh3 Nd7 30. Bxg7 Qxg7 31. Nf6+ Nxf6 32. gxf6 Qf8 33. Rh6 Kh8 34. Rf3 g5 35. Rxh7+ Kxh7 36. Qf5+ 1-0